000 00964nam a2200265Ia 4500
003 OSt
005 20221005112130.0
006 a|||||r|||| 00| 0
007 ta
008 221004b |||||||| |||| 00| 0 pan d
020 _cINR 150.00
024 _a39110
037 _b234, 17/03/2018, National Book Shop
_cTextual
040 _aCRL
_cCRL
_bpan
041 _2pan
_apan
082 _aO153,6x, Q1
100 _aਖ਼ਤਹਿਪੁਰੀ, ਬਲਵਿੰਦਰ ਸਿੰਘ, ਂਚ.
245 0 _aਕਬੂਲਨਾਮੇ
260 _aਅੰਮ੍ਰਿਤਸਰ
_bਆਗ਼ਾਦ ਬੁੱਕ ਡਿਪੂ ਭਾਰਤ
_c2011
300 _a127ਪ0
_ccm.
650 _a ਪੰਜਾਬੀ ਨਿਬੰਧ
650 _aਪੰਜਾਬੀ ਸਾਹਿਤ
942 _hO153,6x, Q1
_cTEXL
_2cc
999 _c1023913
_d1023913